000 00367nam a22001457a 4500
999 _c7795
_d7793
005 20210326110815.0
008 210326b ||||| |||| 00| 0 eng d
020 _a978-93-88804-10-3
041 _aeng
100 _aAKHTAR, DR. SAHID
_96516
245 _aFUNDAMENTALS OF DIGITAL MARKETING
260 _aNEW DELHI
_bADHYAYAN PUBLISHERS
300 _a276,p
942 _cBK